000 01559cam a2200409 a 4500
001 4213
003 FISKH
005 20240704162332.0
008 050906s2005 nyua j 000 1 eng d
010 _a 2005280493
020 _a043968403X
020 _a9780439684033
035 _a(OCoLC)ocm60821599
040 _aIEF
_cIEF
_dDLC
_beng
042 _alccopycat
050 0 0 _aPZ7.E124
082 _a595.3
100 1 _aEarhart, Kristin.
245 1 4 _aThe magic school bus gets crabby /
_c[written by Kristin Earhart with consultation by Joanna Cole ; illustrated by Carolyn Bracken].
260 _aNew York :
_bScholastic,
_c2005.
300 _a30 unnumbered pages :
_bcolor illustrations ;
_c23 cm
490 _aLevel 2
500 _a"Based on The magic school bus books written by Joanna Cole and illustrated by Bruce Degen"--P. facing t.p.
500 _a"Cartwheel books."
505 _aJ
520 _aMs. Frizzle's class is on its way to a pool-- a tide pool. The kids spot everything from seaweed to seashells. But then they run into some real crabs! Climb on the Magic School Bus and learn about tide pool life.
521 8 _a490
_bLexile
521 8 _aJ
_bRaz-Plus
650 0 _aTide pools
_vFiction.
650 0 _aCrabs
_vFiction.
700 1 _aCole, Joanna.
_eConsultant
700 1 _aBracken, Carolyn,
_eillustrator
906 _a7
_bcbc
_ccopycat
_d2
_encip
_f20
_gy-gencatlg
942 _2ddc
_cBK
_n0
999 _c4213
_d4213